| 000 | 00774nam a2200253 i 4500 | ||
|---|---|---|---|
| 001 | 10166 | ||
| 003 | ES-MaACL | ||
| 005 | 20250817051946.0 | ||
| 007 | t| | ||
| 008 | 950314s1994 sp ||||1| spa d | ||
| 020 | _a84-7426-224-0 | ||
| 080 | _a76.02 | ||
| 100 | 1 |
_aVives Piqué, Rosa. _9115593 |
|
| 245 | 1 | 0 |
_aDel cobre al papel _b: la imagen multiplicada : el conocimiento de las estampas / _cRosa Vives Piqué. |
| 250 | _a[1ª ed.]. | ||
| 260 |
_aBarcelona : _bIcaria, _c1994. |
||
| 300 |
_a236 p. : _bil. ; _c22 cm. |
||
| 490 | 1 |
_aIcaria antrazit ; _v71 |
|
| 504 | _aBibliografía: p. 208-233. | ||
| 650 | 1 | 7 |
_aGrabado _2embne _913138 |
| 830 | 0 |
_aIcaria antrazit ; _v71 _9178643 |
|
| 852 |
_aES-MaACL _jL-17643 _bR.123271 |
||
| 999 |
_c10166 _d10166 |
||